<?xml version="1.0" encoding="UTF-8"?>
<collection xmlns="http://www.loc.gov/MARC21/slim">
 <record>
  <leader>01016pamaa2200229   4500</leader>
  <controlfield tag="001">0000042833</controlfield>
  <controlfield tag="005">20071024090000.0</controlfield>
  <controlfield tag="008">071024                             eng  </controlfield>
  <datafield tag="020" ind1="0" ind2="0">
   <subfield code="a">9780868408613 (pbk.) </subfield>
  </datafield>
  <datafield tag="090" ind1="0" ind2="0">
   <subfield code="a">HN850.Z9.P8 </subfield>
   <subfield code="b">AUS 2007</subfield>
  </datafield>
  <datafield tag="245" ind1="1" ind2="0">
   <subfield code="a">Australian social attitudes 2 : </subfield>
   <subfield code="b">citizenship, work and aspirations  </subfield>
   <subfield code="c">editors, David Denemark ... [et al.].</subfield>
  </datafield>
  <datafield tag="260" ind1="0" ind2="0">
   <subfield code="a">Sydney: </subfield>
   <subfield code="b">University of New South Wales Press, </subfield>
   <subfield code="c">2007.</subfield>
  </datafield>
  <datafield tag="300" ind1=" " ind2=" ">
   <subfield code="a">320p: </subfield>
   <subfield code="b">ill.; </subfield>
   <subfield code="c">245 cm.</subfield>
  </datafield>
  <datafield tag="500" ind1="0" ind2="0">
   <subfield code="a">Based on data from the the second Australian Survey of Social Attitudes (AuSSA) fielded in August 2005. Sequel to: Australian social attitudes : the first report</subfield>
  </datafield>
  <datafield tag="500" ind1="0" ind2="0">
   <subfield code="a">Includes index</subfield>
  </datafield>
  <datafield tag="650" ind1="0" ind2="0">
   <subfield code="a">Australia -- </subfield>
   <subfield code="x">Social conditions -- </subfield>
   <subfield code="x">Public opinion. </subfield>
  </datafield>
  <datafield tag="650" ind1="0" ind2="0">
   <subfield code="a">Public opinion -- </subfield>
   <subfield code="z">Australia. </subfield>
  </datafield>
  <datafield tag="650" ind1="0" ind2="0">
   <subfield code="a">Australia -- </subfield>
   <subfield code="x">Economic conditions -- </subfield>
   <subfield code="x">Public opinion </subfield>
  </datafield>
  <datafield tag="650" ind1="0" ind2="0">
   <subfield code="a">Australia -- </subfield>
   <subfield code="x">Politics and government -- </subfield>
   <subfield code="x">Public opinion. </subfield>
  </datafield>
  <datafield tag="700" ind1="1" ind2="1">
   <subfield code="a">Denemark, </subfield>
   <subfield code="h">David. </subfield>
  </datafield>
  <datafield tag="901" ind1=" " ind2=" ">
   <subfield code="u">http://www.unswpress.com.au</subfield>
  </datafield>
 </record>
</collection>
